Connectem amb l'esport : #Viulesport #Viulesport
Descripción Física:
1 fulletó ; il. col. ; 21 cm.
Materias:
Educació física -- Barcelona (Catalunya : Província)
; Esports -- Barcelona (Catalunya : Província)
Idioma:
Catalán
MARC
| LEADER | 00000nam a22000007a 4500 | ||
|---|---|---|---|
| 001 | 27827 | ||
| 003 | Arxiu | ||
| 005 | 20260324181515.0 | ||
| 008 | 230509b spa||||| |||| 00| 0 cat d | ||
| 017 | |a B 19948-2018 | ||
| 040 | |a agdb |b cat | ||
| 110 | 1 | |9 51915 |a Barcelona (Catalunya : Província). |b Gerència de Serveis d'Esports | |
| 245 | |a Connectem amb l'esport : |b #Viulesport | ||
| 260 | |a Barcelona : |b Diputació de Barcelona ; |c 2018 | ||
| 300 | |a 1 fulletó ; |b il. col. ; |c 21 cm. | ||
| 650 | 0 | |9 56352 |a Educació física |z Barcelona (Catalunya : Província) | |
| 650 | 0 | |9 34361 |a Esports |z Barcelona (Catalunya : Província) | |
| 942 | |2 udc |c ARXIU |n 1 | ||
| 952 | |0 0 |1 0 |2 udc |4 0 |6 FU7568 |7 1 |9 66290 |a Arxiu |b Arxiu |d 2023-05-09 |l 0 |o FU-75-68 |p 27827 |r 2023-05-09 00:00:00 |w 2023-05-09 |y ARXIU | ||
| 999 | |c 83424 |d 83424 | ||